000 00859nam a2200253 i 4500
001 16135
003 ES-MaACL
005 20250728032126.0
007 t|
008 000704s2000 sp ||||1| spa d
020 _a84-239-9323-X
080 _a77 Calvache, A.
080 _a929(460)"19"(0:77)
100 1 _aSánchez Vigil, Juan Miguel,
_d1956-
_9226419
245 1 0 _aA través del espejo :
_bcómicos, trágicos y mitos : fotografías de Calvache /
_cJuan Miguel Sánchez Vigil.
260 _aMadrid :
_bEspasa-Calpe,
_c[2000]
300 _a250 p. :
_bfot., retr. ;
_c30 cm.
650 4 _aActores-
_zEspaña-
_yS.XX.
_9155114
650 4 _aEspañoles-
_yS.XX-
_xRetratos.
_9172711
650 7 _aFotografía de retrato
_2embne
_9155523
700 1 _aCalvache, A. (
_d1896-1984)
_933794
852 _aES-MaACL
_jL-23243
999 _c16135
_d16135